| 000 | 01804nam0a2200361 4500 | ||
|---|---|---|---|
| 001 | RU\NLR\BIBL_A\012399912 | ||
| 005 | 20260406150417.0 | ||
| 010 |
_a978-5-8114-4698-8 _9100 |
||
| 035 | _a(NLR Aleph) 012399912 | ||
| 090 |
_a11719683 _c11719683 |
||
| 100 | _a20201109d2020 |||y0rusy50 ca | ||
| 101 | 0 | _arus | |
| 102 | _aRU | ||
| 105 | _aa|||j|||001zy | ||
| 181 | 0 |
_ai _baxxe |
|
| 182 | 0 | _an | |
| 200 | 1 |
_aОбщая и неорганическая химия _eучебник _eдля студентов направлений входящих в УГСН: "Химия", "Биологические науки", "Химические технологии", "Промышленная экология и биотехнологии" _fН. С. Ахметов |
|
| 203 |
_aТекст _bвизуальный _cнепосредственный |
||
| 205 | _aИзд. 11-е, стер. | ||
| 210 |
_aСанкт-Петербург _cЛань _d2020 |
||
| 215 |
_a743, [1] с. _cил. _d21 |
||
| 225 | 1 |
_aУчебники для вузов _iСпециальная литература |
|
| 300 | _aНа 4-й с. обл. авт.: Н. С. Ахметов - д-р хим. наук, проф., акад. Академии наук Респ. Татарстан, засл. деят. науки РСФСР и ТАССР | ||
| 313 | _aПо пред. изд. | ||
| 320 | _aБиблиогр.: с. 727 | ||
| 320 | _aПредм. указ.: с. 728-736 | ||
| 606 | 1 |
_aХимия _jУчебники для высших учебных заведений _9898913 _3RU\NLR\AUTH\666296 |
|
| 686 | 1 | _aГ1я73-1 | |
| 700 | 1 |
_7ca _8rus _aАхметов _bН. С. _f1926-2006 _gНаиль Сибгатович _9114983 _3RU\NLR\AUTH\775012 |
|
| 942 | _cBOOK | ||
| 980 | _aNB | ||